Blue Lock Characters - Statistics

General Stats
  • This quiz has been taken 204 times
  • The average score is 10 of 16
Answer Stats
Picture Answer % Correct
Reo Mikage
94%
Seishirō Nagi
93%
Hyōma Chigiri
92%
Gin Gagamaru
90%
Yoichi Isagi
90%
Meguru Bachira
88%
Oliver Aiku
88%
Sae Itoshi
88%
Shōei Barō
88%
Ryūsei Shidō
86%
Rin Itoshi
84%
Rensuke Kunigami
83%
Ikki Niko
80%
Jingo Raichi
80%
Yō Hiori
77%
Julian Loki
74%
Ryōsuke Kira
74%
Tabito Karasu
74%
Jyūbei Aryū
70%
Kenyū Yukimiya
70%
Wataru Kuon
70%
Zantetsu Tsurugi
69%
Eita Otoya
67%
Dada Silva
64%
Nijirō Nanase
64%
Adam Blake
63%
Leonardo Luna
62%
Aoshi Tokimitsu
56%
Shūto Sendō
56%
Pablo Casavoz
54%
Gen Fukaku
44%
Jun'ichi Wanima
39%
Okuhito Iemon
38%
Gurimu Igarashi
37%
Asahi Naruhaya
36%
Keisuke Wanima
33%
Miroku Darai
32%
Teppei Neru
32%
Yūdai Imamura
26%
Kazuma Niō
19%
Haru Hayate
14%
Kento Chō
14%
Itsuki Wakatsuki
12%
Teru Kitsunezato
12%
No matching quizzes found
Score Distribution
Percent of People with Each Score
Percentile by Number Answered
Your Score History
You have not taken this quiz